Statistics for Municipalities of Green Lake County, Wisconsin

Click here to take the quiz!

General Stats

  • This quiz has been taken 42 times
  • The average score is 10 of 17

Answers on the Map

Answers color-coded by a green-red scale on the quiz's map according to % correct below.
 

Answer Stats

Answer% Correct
City of Green Lake
89%
Town of Green Lake
89%
City of Princeton
78%
Town of Kingston
78%
Town of Princeton
78%
Village of Kingston
78%
City of Berlin
56%
Town of Berlin
56%
Town of Manchester
56%
Town of Marquette
56%
Town of St. Marie
56%
Village of Marquette
56%
City of Markesan
44%
Town of Seneca
44%
Census Designated Place of Dalton
33%
Town of Brooklyn
33%
Town of Mackford
22%

Score Distribution

Percentile by Number Answered

Percent of People with Each Score

Your Score History

You have not taken this quiz